| 000 | 00378nam a22001697a 4500 | ||
|---|---|---|---|
| 005 | 20260206113955.0 | ||
| 020 | _a9780000989048 | ||
| 041 | _aEnglish | ||
| 082 | _a332 R20 SIN | ||
| 100 | _aSingh Abhay Kumar | ||
| 245 | _aR in Finance and Economics | ||
| 250 | _a01 | ||
| 260 |
_aLondon _bWorld Scientific Co. _c2020 |
||
| 300 | _a245 | ||
| 365 | _b2000.00 | ||
| 942 | _cBK | ||
| 999 |
_c176543 _d176543 |
||